00489nam a2200145Ia 4500008004100000041000800041082001700049100001200066245004300078260004000121300003100161365001100192999001700203952012300220240624s9999 xx 000 0 und d aeng a658.3124 BEE aFRANCES aTRAINING NEEDS ANALYSIS AND EVALUATION c1998aHyderabadbUniversities Press axvi, : 301 : p. : cm. ; 22 cRSb25 c19677d19677 00104070aIMTNbIMTNcRack 26-Ad2012-09-27eAPg250.00o658.3124 BEEp19677r2024-06-24 00:00:00t1w2024-06-24yBK